| 000 -ლიდერი |
| ფიქსირებული სიგრძის საკონტროლო ველი |
01068nam a2200241Ia 4500 |
| 001 - საკონტროლო ნომერი |
| საკონტროლო ველი |
383 |
| 003 - საკონტროლო ნომრის იდენტიფიკატორი |
| საკონტროლო ველი |
GE_BSU |
| 005 - ბოლო ოპერაციის თარიღი და დრო |
| საკონტროლო ველი |
20200130170123.0 |
| 008 - ფიქსირებული სიგრძის მონაცემთა ელემენტები - ზოგადი ინფორმაცია |
| ფიქსირებული სიგრძის საკონტროლო ველი |
181216s2003||||ge |||||||||||||| ||geo|| |
| 020 ## - წიგნის საერთაშორისო სტანდარტული ნომერი |
| International Standard Book Number |
9994017020 |
| 040 ## - კატალოგიზაციის წყარო |
| Transcribing agency |
GE_BSU |
| 041 ## - ენის კოდი |
| Language code of text/sound track or separate title |
geo |
| 080 ## - უნივერსალური ათობითი კლასიფიკაციის ინდექსი |
| Universal Decimal Classification number |
328.185 კ-60 |
| 100 ## - მთავარი ჩანაწერი - პიროვნების სახელი |
| Personal name |
კლიტგაარდი, რობერტი |
| 9 (RLIN) |
6551 |
| 245 ## - ცნობა სათაურის შესახებ |
| Title |
კორუფციის კონტროლი = Controlling Corruption / |
| Statement of responsibility, etc |
რობერტ კლიტგაარდი; [მთარგმნ.: ნინო უზნაძე ; სარედ. საბჭო: შადიმან ხელაძე და სხვ.]. |
| 264 ## - წარმოების, გამოცემის, დისტრიბუციის და სხვა ცნობები |
| გამოცემის, წარმოების, დისტრიბუციის... ადგილი |
თბილისი : |
| გამოცემის, წარმოების, დისტრიბუციის... სახელწოდება |
ჯისიაო, |
| გამოცემის, წარმოების, დისტრიბუციის... თარიღი |
2003. |
| 300 ## - ფიზიკური აღწერა |
| Extent |
268 გვ.; |
| Other physical details |
19 სმ. |
| 653 ## - INDEX TERM--UNCONTROLLED |
| Uncontrolled term |
კორუფცია |
| 653 ## - INDEX TERM--UNCONTROLLED |
| Uncontrolled term |
სამართალი |
| 700 ## - ADDED ENTRY--PERSONAL NAME |
| Personal name |
უზნაძე, ნინო |
| Relator term |
მთარგმნელი |
| 9 (RLIN) |
6552 |
| 700 ## - ADDED ENTRY--PERSONAL NAME |
| Personal name |
ხელაძე შადიმან და სხვ. |
| Relator term |
რედაქტორი |
| 9 (RLIN) |
6553 |
| 942 ## - ADDED ENTRY ELEMENTS (KOHA) |
| Koha item type |
წიგნი |
| Source of classification or shelving scheme |
|